Listening beyond the echoes : media, ethics, and agency in an uncertain world (Record no. 233732)

MARC details
000 -LEADER
fixed length control field 00712nam a2200217Ia 4500
008 - FIXED-LENGTH DATA ELEMENTS--GENERAL INFORMATION
fixed length control field 191130s2006##################000#0#eng##
020 ## - INTERNATIONAL STANDARD BOOK NUMBER
ISBN 9781594512360
082 ## - DEWEY DECIMAL CLASSIFICATION NUMBER
Classification number 302.23 COU
100 ## - MAIN ENTRY--AUTHOR NAME
Personal name Couldry, Nick
245 ## - TITLE STATEMENT
Title Listening beyond the echoes : media, ethics, and agency in an uncertain world
Statement of responsibility, etc Nick Couldry
260 ## - PUBLICATION, DISTRIBUTION, ETC. (IMPRINT)
Place of publication Boulder, CO
Name of publisher Paradigm Publishers
Year of publication c2006
300 ## - PHYSICAL DESCRIPTION
Number of Pages xi, 172 p. ; 24 cm
500 ## - GENERAL NOTE
General note Includes bibliographical references (p. 149-161) and index
650 ## - SUBJECT ADDED ENTRY--TOPICAL TERM
Topical Term Mass media - Moral and ethical aspects
Topical Term Mass media and culture
991 ## -
-- 219907
Holdings
Withdrawn status Lost status Damaged status Not for loan Home library Current library Shelving location Date acquired Full call number Accession Number Price effective from Koha item type
        Anna Centenary Library Anna Centenary Library 3RD FLOOR, B WING 13.10.2020 302.23 COU 136314 13.10.2020 English Books

Find us on the map